| 000 | 01075cam a2200313 4500 | ||
|---|---|---|---|
| 008 | 000000n2002 000 0 eng u | ||
| 020 | _a0415261724 | ||
| 035 | _a(Sirsi) u111925 | ||
| 041 | _aeng. | ||
| 050 | _a711.7 | ||
| 100 | _aBanister, D. | ||
| 245 | _aTransport planning | ||
| 250 | _a2nd ed. | ||
| 260 |
_aLondon _bSpon Press _c2002 |
||
| 300 |
_a317p. _c24cm. |
||
| 350 | _a22.99 | ||
| 520 | _aDescribes the evolution of transport policies and planning in the UK, linking the past with contemporary and future debates. Includes a comparative analysis of experience in three European countries (Germany, France and the Netherlands) and the United States, which provides a useful context for interpreting the new planning agenda in the UK. | ||
| 650 | _aPLANNING | ||
| 650 | _aTRANSPORT PLANNING | ||
| 650 | _aTRANSPORT POLICY | ||
| 650 | _aHISTORY | ||
| 650 |
_aSustainability _96271 |
||
| 650 | _aEUROPEAN UNION | ||
| 650 | _aGERMANY | ||
| 650 | _aFRANCE | ||
| 650 | _aNETHERLANDS | ||
| 690 | _aTRANSPORT AND COMMUNICATIONS | ||
| 942 | _n0 | ||
| 999 |
_c101308 _d101308 |
||